000 00573nam a2200217Ia 4500
003 OSt
005 20220928141319.0
006 a|||||r|||| 00| 0
007 ta
008 220927b |||||||| |||| 00| 0 eng d
024 _a14429
037 _cTextual
040 _aSDCL
_cSDCL
_beng
041 _2eng
_aeng
082 _aO-914N48:g, L0
100 _aWalsh William
_9491446
245 0 _aManifold voice
_b Studies in commonwealth literature.
260 _c1970
942 _hO-914N48:g, L0
_cTEXL
_2CC
999 _c816838
_d816838